MDQL
is popping MORE tags! Check the
thread
!
Quizzes
Events
Quiz Creation
Community
Videos
Private Events
Remove Ads
Sign In
Join for FREE
Feedback
Dark Mode
Quiz Categories
Sports
Geography
Music
Movies
Television
Just For Fun
Miscellaneous
History
Literature
Language
Science
Gaming
Entertainment
Religion
Holiday
For Kids
Quiz Lab
Recent
Popular Today
Quiz Kudos Today
Editor Picks
Curator Picks
Quizzes by...
Day
Popularity
Type
Ratings
Length
Year
Community
Subscriptions
Recent Discussions
Orange Saloon
Badges
Playlists
Quests
Create
Leaderboards
Showdown
Live 5
Trivia Bingo
Activity
Puzzle Library
Sporcle Events
Private Events
Virtual Trivia
Globe League
Become a Host
Pub Owners
SporcleCon
Opinionation
Our Games
Videos
Blog
Mobile Apps
Partnerships
Remove Ads and Go Orange
Feedback
Movies
Disney
Marvel Cinematic Universe
Movie Resume
Movie Titles
Oscar
Actor
Actress
Director
Pixar
Role
Movie Quotes
Movie Characters
Box Office
Nominee
Best Picture
Star Wars
James Bond
Horror Movies
Movies
Disney
Marvel Cinematic Universe
Movie Resume
Movie Titles
Oscar
Actor
Actress
Director
Pixar
Role
Movie Quotes
Movie Characters
Box Office
Nominee
Best Picture
Star Wars
James Bond
Horror Movies
Random Quiz
Search Sporcle
×
Quiz Lab
Quiz Lab
Movies
Lord of the Rings
Type in answers that appear in a list
Type in answers that appear in a list
Classic
Best Score? Go Orange.
Frodo meets Gandalf - The Fellowship of the Ring (LOTR) Stats
Name the words from the scene when Frodo meets Gandalf in the Shire
By
likachu
20m
223 Questions
346 Plays
346 Plays
346 Plays
Comments
Comments
Give Quiz Kudos
Give Quiz Kudos
-
- Ratings
hide this ad
Replay
Link that replays current quiz
Next Quiz
Link to next quiz in quiz playlist
You Got
0%
They Got
Avg Score
73%
Avg Friend Score
Upgrade to see
Score Distribution
Jump to the score distribution portion of the page
Score
0/223
Timer
20:00
0
Plays Today
Character
Text
% Correct
Gandalf
A
98.8%
the
98.8%
a
98.8%
the
98.8%
the
98.8%
And
98.8%
the
98.8%
Bilbo voice-
over (And so life in the Shire goes on...)
98.8%
the
98.8%
a
98.8%
and
98.8%
Bilbo: 'Where's it gone?' scene
98.8%
the
98.8%
the
98.8%
a
98.8%
the
98.8%
a
98.8%
the
98.8%
Children: 'Gandalf! Fireworks Gandalf!'
98.8%
he
98.6%
He
98.6%
he
98.6%
He
98.6%
he
98.6%
I
98.3%
I
98.3%
Frodo
I
98.3%
I
98.3%
I
98.3%
I,
98.3%
I.
98.3%
you
98%
Gandalf
You
98%
Frodo
You
98%
you
98%
you
98%
you
98%
you
98%
is
97.4%
is
97.4%
is
97.4%
to.
97.1%
to
97.1%
to
97.1%
Frodo
To
97.1%
to
97.1%
to
97.1%
to
97.1%
to
97.1%
late.
96.5%
Wizard
96.5%
late,
96.5%
never
96.2%
Frodo
Never
96.2%
when
96%
your
96%
when
96%
your
96%
your
96%
Frodo
95.4%
Frodo
You're
95.1%
arrives
95.1%
you're
95.1%
you're
95.1%
an
94.2%
me.
94.2%
Baggins,
91.9%
nor
90.2%
early.
89.9%
means
89.9%
mean,
89.3%
Gandalf!
88.4%
Bilbo...
88.4%
Bilbo
88.4%
Frodo
Gandalf,
88.4%
Character
Text
% Correct
precisely
88.2%
it.
88.2%
see
85.5%
be
85%
of
83.5%
of
83.5%
of.
83.5%
of
83.5%
of
83.5%
in
82.9%
in
82.9%
So,
82.4%
Gandalf
So
82.4%
So
82.4%
Frodo
It's
82.1%
it's
82.1%
Uncle
81.2%
uncle
81.2%
do
79.8%
know
79.5%
know
79.5%
we
78%
been
77.7%
been
77.7%
been
77.7%
think
76.6%
old
76%
old
76%
have
74.3%
did
73.7%
did
73.7%
did,
73.7%
birthday?
72.8%
Gandalf
What?
72.8%
he's
71.4%
He's
71.4%
I'm
71.4%
Frodo
He's
71.4%
I'm
71.4%
how
71.1%
am
71.1%
am
71.1%
Party
70.8%
with
70.8%
with
70.8%
miss
69.9%
wonderful
69.7%
not
69.7%
Bilbo's
69.4%
was
69.1%
was
69.1%
peace.
68.5%
up
68.2%
up
68.2%
dear
67.6%
All
67.3%
All
67.3%
well...
66.8%
well
66.8%
I'd
66.2%
any
66.2%
boy.
65.9%
has
65.6%
disturber
65.6%
little
65.3%
out
65.3%
something...
65%
something
65%
glad
65%
give
64.5%
are
63.9%
Gandalf
If
63.9%
going
63.6%
dragon,
63.3%
door.
63%
Character
Text
% Correct
keep
61.8%
Gandalf
Good
61.6%
you've
61.6%
Gandalf
Oh,
61.3%
or
61.3%
Gandalf
Oh
61.3%
had
61%
back.
61%
were
59.8%
didn't
59.2%
officially
58.4%
his
57.5%
hear
57.2%
him.
56.6%
secrets!
56.4%
Frodo
Whatever
56.4%
referring
55.8%
tell
55.2%
thought
55.2%
involved.
55.2%
nudge
55.2%
thinks
54.9%
bit
54.6%
lately.
54.6%
that
54.3%
looking.
54.3%
Frodo
Before
54%
adventures
54%
barely
54%
then,
53.5%
incident
53.2%
really?
53.2%
came
52.9%
truth,
52.6%
odd
52.6%
whole
52%
very
52%
anything
52%
got
51.7%
maps
51.7%
right
51.4%
Bagginses
50.9%
than
50.6%
invited.
49.7%
Frodo
Half
48.6%
uproar.
48%
more
48%
labelled
48%
them
47.7%
rest
46.8%
Shire's
46.2%
anyway.
45.7%
usual.
45.7%
study.
43.9%
should
43.4%
Special
42.2%
over
42.2%
place
41.9%
along,
41.3%
Magnificence.
40.8%
himself
40.5%
rascal?
37.9%
please
35.8%
gracious
35.8%
unexpected.
35.8%
turning
35%
pouring
34.7%
taken
32.9%
locking
31.8%
hours
31.8%
hours
31.8%
spends
30.9%
Gandalf
Indeed?
19.9%
Quiz Playlist
Details
Report
Send in Message
Add To Playlist
Classic:
Type in answers that appear in a list
Last Updated: Jul 11, 2022
Quiz Scoreboard
CHALLENGE
Sign Up to Join the Scoreboard
Show All
Scores
Hide
Comments
May contain spoilers
Recently Published
5x2 Blitz: Bands
by SL_Kpop136
Music
30s
Colored Red Africa Blitz
by spor1
Geography
30s
Find the 'City' Movie
by crazypaving
Movies
60s
More to Explore
Quiz From the Vault
Featured Blog Post
14 Easter Pick-up Lines to Find Eggs With
hide this ad
You Might Also Like...
Tags
Lord of the Rings Quiz
Extended
Fellowship
gandalf
LOTR
Middle Earth
Rings Fellowship
scene
script
shire
The Hobbit
transcript
Today's Top Quizzes in Movies
Browse Movies
hide this ad
Today's Top Quizzes in Lord of the Rings
Browse Lord of the Rings
Top Contributed Quizzes in Movies
1
Find The 'Big' Movie
2
Find The 'Wild' Movie
3
Find The 'Blue' Movie
4
Movies By Plot
5
Hidden Star Wars Character II
6
Hidden Star Wars Character III
7
Pick 5 Posters: Directed by Spielberg
8
Hidden Star Wars Character IV
9
Alfred Hitchcock Movies by Plot
10
Hidden Star Wars Character V
Explore More
Trending Topics
Marvel
Anime
Disney
Harry Potter
Crossword
NBA
Kpop
Song
Pokémon
WWE
Soccer
NFL
The Office
Country
Puzzle
hide this ad
More By:
likachu
Quiz
Plays
Rating
Category
Featured
Created
Frodo meets Gandalf - The Fellowship of the Ring (LOTR)
346
4.67
Movies
May 19, 2017
Go to Creator's Profile
Score Distribution
Quiz Creator Spotlight
likachu
Follow
Send a Message
Quizzes Created
-
Created Quiz Play Count
-
More By This Creator
Popular Quizzes Today
1
Colored Red Africa Blitz
2
Find the 'City' Movie
3
Find the US States - No Outlines Minefield
4
5x2 Blitz: Bands
5
The Countries of the World
6
Find the US States
7
US States
8
9x9 Crossword: Cartoon Network
More Movies Quizzes
Poster Portions: Best Picture Winners II
Published
Trending Quizzes
Colored Red Europe Blitz I
Colored Red Europe Blitz II
Colored Red Africa Blitz II
Colored Red Europe Blitz III
Colored Red Africa Blitz III
Recently Updated
How Do You Spell That?
pecheneg
Godzilla Movies
pecheneg
Grab Bag: 4-10 Letters
pecheneg
2024 March Madness Bracket
pecheneg
Famous TV Couples
Peacemaker
Champions League XIs: Real Madrid
pecheneg
Largest US Cities 1790-2010
pecheneg
Rides in Walt Disney World
pecheneg
Most Oscar Losses (Acting)
pecheneg
Beyoncé Albums
pecheneg
Trending Topics
Kpop
Harry Potter
Disney
Marvel
Anime
Crossword
NBA
WWE
Song
Puzzle
NFL
Pokémon
Soccer
The Office
Country
Your Account Isn't Verified!
In order to create a playlist on Sporcle, you need to verify the email address you used during registration. Go to your
Sporcle Settings
to finish the process.
Report this User
Report this user for behavior that violates our
Community Guidelines
.
Details:
Send Report
Go to the Sporcle.com Mobile Site →
Comments